| 000 | 01400nam a2200349 c 4500 | ||
|---|---|---|---|
| 003 | BLK | ||
| 005 | 20240611142747.0 | ||
| 008 | 180407b bul|||||r ||||||| ||bul|| | ||
| 010 | _aKNG00034060000 | ||
| 020 |
_a954-701-101-4 _bиздат.: Компас |
||
| 040 | _aBLK | ||
| 041 |
_aBUL _cBUL |
||
| 080 |
_aАмериканска литература (на САЩ) _b821.111(73) _x-31 _z821.111(73)-31 |
||
| 100 | 1 |
_aХолмс, Кейт _eпърви автор _9271479 |
|
| 700 |
_aДимитрова, Анна Кирилова _d1947 - _cавтор на поезия и пътеписи _gпо професия оптик _9366648 |
||
| 139 |
_aХолмс, Кейт _bХ 62 |
||
| 245 | 1 | 0 |
_aЧувствен ритъм _bРоман _cКейт Холмс; прев. Анна Кирилова Димитрова. |
| 257 | _aUSA | ||
| 260 |
_аВарна _bКомпас _c2000 _fВ. Търново : Абагар |
||
| 300 |
_a239 с. _c20 см |
||
| 380 | _aX | ||
| 490 | 1 |
_aРоманите на розата _v75 |
|
| 500 | _aОриг. загл. Dmethyst and Gold / Kate Holmes. - Офс. изд. - 1 400 тир. | ||
| 653 | _aромани | ||
| 653 | _aромантична проза | ||
| 852 | _aЦб 206251 | ||
| 856 | 4 |
_qpdf _u |
|
| 856 | 4 |
_qpdf _u |
|
| 942 |
_cKNG _n0 |
||
| 944 |
_aCR _c15.01.2003 _k30540 _lСевдалина Тодорова |
||
| 944 |
_aED _c15.01.2003 _k |
||
| 999 |
_c31413 _d31413 |
||